[Event "32. Open Barbera del Valles 2009"]
[Site "Barbera del Valles ESP"]
[Date "2009.07.11"]
[Round "8.13"]
[White "Canal Oliveras, Joan"]
[Black "Alonso Moyano, Jonathan"]
[Result "1/2-1/2"]
[WhiteElo "2248"]
[BlackElo "2365"]
[PlyCount "89"]
[EventDate "2009.07.04"]
[EventType "swiss"]
[EventRounds "9"]
[EventCountry "ESP"]
[Source "lmi"]
[SourceDate "2009.07.04"]

1. d4 f5 2. Nc3 Nf6 3. Bg5 d5 4. Bxf6 exf6 5. e3 Be6 6. Nge2 c6 7. Nf4 Bf7 8.
Bd3 g6 9. h4 h5 10. Nce2 Nd7 11. b3 b5 12. a4 a6 13. axb5 axb5 14. O-O Bd6 15.
Rxa8 Qxa8 16. Ng3 Nf8 17. Qa1 Qb7 18. Qa5 Ne6 19. Nge2 Nc7 20. Ra1 Kd7 21. Qa7
Qxa7 22. Rxa7 Kc8 23. Kf1 Kb8 24. Ra1 Re8 25. g3 Kb7 26. Ke1 Kb6 27. Kd2 Na6
28. Rb1 Nb4 29. c3 Nxd3 30. Nxd3 Ra8 31. Kc2 g5 32. b4 f4 33. exf4 Bg6 34. Kd2
gxh4 35. gxh4 Bf5 36. f3 Rg8 37. Rg1 Rxg1 38. Nxg1 Kc7 39. Ne2 Kd7 40. Ng3 Bg6
41. Nc5+ Ke7 42. Ke3 f5 43. Nd3 Ke6 44. Nc5+ Ke7 45. Nd3 1/2-1/2

[Event "32. Open Barbera del Valles 2009"]
[Site "Barbera del Valles ESP"]
[Date "2009.07.11"]
[Round "8.14"]
[White "Lorenzo De La Riva, Lazaro"]
[Black "Deshpande, Aniruddha"]
[Result "1-0"]
[WhiteElo "2331"]
[BlackElo "2211"]
[PlyCount "69"]
[EventDate "2009.07.04"]
[EventType "swiss"]
[EventRounds "9"]
[EventCountry "ESP"]
[Source "lmi"]
[SourceDate "2009.07.04"]

1. e4 c5 2. Ne2 Nc6 3. d4 cxd4 4. Nxd4 g6 5. Nc3 Bg7 6. Nde2 Nf6 7. g3 d6 8.
Bg2 O-O 9. O-O Ne5 10. h3 Bd7 11. Kh2 Bc6 12. f4 Ned7 13. g4 Nc5 14. Ng3 h6 15.
h4 Nfd7 16. g5 hxg5 17. hxg5 b5 18. Nd5 Bxd5 19. exd5 b4 20. Be3 Bxb2 21. Rb1
Bg7 22. Bd4 f5 23. gxf6 Bxf6 24. Bh3 Rf7 25. Rg1 Rh7 26. Nh5 Kf7 27. Be6+ Nxe6
28. dxe6+ Kf8 29. Rxg6 Bxd4 30. Kg3 Nf6 31. Nxf6 Bxf6 32. Qg4 Rg7 33. Rxg7 Bxg7
34. Qf5+ Bf6 35. Rh1 1-0

[Event "32. Open Barbera del Valles 2009"]
[Site "Barbera del Valles ESP"]
[Date "2009.07.11"]
[Round "8.16"]
[White "Fabre Massana, Miquel"]
[Black "Garcia Roman, Daniel"]
[Result "0-1"]
[WhiteElo "2151"]
[BlackElo "2464"]
[PlyCount "90"]
[EventDate "2009.07.04"]
[EventType "swiss"]
[EventRounds "9"]
[EventCountry "ESP"]
[Source "lmi"]
[SourceDate "2009.07.04"]

1. e4 c5 2. Nf3 Nc6 3. d4 cxd4 4. Nxd4 g6 5. Nc3 Bg7 6. Be3 Nf6 7. Be2 O-O 8.
Qd2 d5 9. exd5 Nxd5 10. Nxd5 Nxd4 11. Bxd4 Qxd5 12. Bxg7 Qxg2 13. O-O-O Kxg7
14. h4 Bf5 15. Rhg1 Qxf2 16. Rdf1 Qc5 17. c3 Qe5 18. Bd3 Bxd3 19. Qxd3 Rad8 20.
Qf3 Qh2 21. Qe3 h5 22. Qxe7 Qd6 23. Qg5 Rfe8 24. Rf2 Rd7 25. Rgf1 Qe5 26. Rf5
Qe3+ 27. Qxe3 Rxe3 28. R5f4 Rg3 29. a4 Rg4 30. b4 Rxf4 31. Rxf4 f6 32. Kc2 g5
33. Rf1 Kg6 34. c4 g4 35. c5 a5 36. Kc3 axb4+ 37. Kxb4 f5 38. Kb5 g3 39. c6
bxc6+ 40. Kxc6 Ra7 41. Kb5 f4 42. Rg1 Kf5 43. a5 Kg4 44. Kb6 Rxa5 45. Kxa5 f3
0-1

[Event "32. Open Barbera del Valles 2009"]
[Site "Barbera del Valles ESP"]
[Date "2009.07.11"]
[Round "8.17"]
[White "Javakhadze, Zurab"]
[Black "Ravot, Sylvain"]
[Result "1-0"]
[WhiteElo "2309"]
[BlackElo "2276"]
[PlyCount "89"]
[EventDate "2009.07.04"]
[EventType "swiss"]
[EventRounds "9"]
[EventCountry "ESP"]
[Source "lmi"]
[SourceDate "2009.07.04"]

1. Nf3 Nf6 2. c4 g6 3. Nc3 Bg7 4. g3 O-O 5. Bg2 d6 6. O-O e5 7. d3 Nc6 8. Rb1
a5 9. a3 Re8 10. e4 h6 11. h3 Be6 12. b4 axb4 13. axb4 Nd7 14. Bd2 Rf8 15. Nd5
f5 16. Nh4 Bxd5 17. cxd5 Ne7 18. exf5 gxf5 19. f4 Nb6 20. fxe5 dxe5 21. Qh5 Qe8
22. Qxe8 Raxe8 23. Rbc1 Nbxd5 24. Nxf5 c6 25. Nxh6+ Bxh6 26. Bxh6 Rxf1+ 27.
Rxf1 Nxb4 28. Be4 Nbd5 29. h4 Nc3 30. h5 b5 31. Bd2 Nxe4 32. dxe4 c5 33. g4 Ra8
34. Bg5 Nc6 35. Bf6 Ra4 36. g5 Rxe4 37. g6 Nd4 38. Ra1 Ne6 39. Ra8+ Nf8 40. Be7
Rf4 41. Kh2 Rf5 42. Kg3 Rxh5 43. Kg4 Rh6 44. g7 Rg6+ 45. Kh5 1-0

[Event "32. Open Barbera del Valles 2009"]
[Site "Barbera del Valles ESP"]
[Date "2009.07.11"]
[Round "8.18"]
[White "Schneider, Veronika"]
[Black "Capellades Subirana, Marc"]
[Result "1/2-1/2"]
[WhiteElo "2301"]
[BlackElo "2210"]
[PlyCount "105"]
[EventDate "2009.07.04"]
[EventType "swiss"]
[EventRounds "9"]
[EventCountry "ESP"]
[Source "lmi"]
[SourceDate "2009.07.04"]

1. e4 e5 2. Nf3 Nc6 3. d4 exd4 4. Nxd4 Bc5 5. Be3 Qf6 6. Nb5 Bxe3 7. fxe3 Kd8
8. N1c3 Nge7 9. Qd2 d6 10. Be2 h5 11. O-O-O a6 12. Nd4 Nxd4 13. exd4 Qh6 14.
Rhf1 Qxd2+ 15. Rxd2 f5 16. Bd3 g6 17. Rdf2 c6 18. Ne2 Kc7 19. Nf4 fxe4 20. Bxe4
Bf5 21. Bxf5 gxf5 22. Re2 Kd7 23. Rfe1 Rae8 24. Kd2 Rh7 25. g3 Rg8 26. Nxh5
Rxh5 27. Rxe7+ Kd8 28. R7e2 Rgh8 29. Rf1 Rxh2 30. Rxf5 Rxe2+ 31. Kxe2 Ke7 32.
Rf2 d5 33. c3 b6 34. g4 Rh3 35. Kf1 Rh4 36. g5 Rh5 37. Rf6 Rh2 38. Rxc6 Rxb2
39. a4 Kf7 40. Rd6 Rb3 41. Kf2 a5 42. Rxd5 Rxc3 43. Rd6 Ra3 44. Rxb6 Rxa4 45.
Ke3 Ra1 46. Ra6 a4 47. Ke4 a3 48. Kf5 Rf1+ 49. Ke5 Ra1 50. Kd6 a2 51. d5 Kg7
52. Ra8 Kf7 53. Ra6 1/2-1/2

[Event "32. Open Barbera del Valles 2009"]
[Site "Barbera del Valles ESP"]
[Date "2009.07.11"]
[Round "8.21"]
[White "Sanchez Romero, Miquel Angel"]
[Black "Anuprita, Patil"]
[Result "1/2-1/2"]
[WhiteElo "2251"]
[BlackElo "2059"]
[PlyCount "81"]
[EventDate "2009.07.04"]
[EventType "swiss"]
[EventRounds "9"]
[EventCountry "ESP"]
[Source "lmi"]
[SourceDate "2009.07.04"]

1. e4 c5 2. Nf3 e6 3. d3 Nc6 4. g3 g6 5. Bg2 Bg7 6. O-O Nge7 7. c3 O-O 8. Nbd2
d6 9. Nh4 Rb8 10. f4 Kh8 11. a4 f5 12. Nhf3 e5 13. Nc4 Be6 14. Qe2 Bg8 15. fxe5
fxe4 16. dxe4 dxe5 17. Bg5 Qc7 18. Rad1 Rbd8 19. Rxd8 Rxd8 20. Bh3 b6 21. Nfd2
Rf8 22. Qg4 Rxf1+ 23. Bxf1 Nc8 24. Qh4 Nd6 25. Ne3 Qf7 26. Ng4 Qa2 27. Bf6 Qf7
28. Bg5 Qa2 29. Bf6 Qf7 30. Qg5 Bxf6 31. Nxf6 Qe7 32. Nf3 Bc4 33. Nh4 Kg7 34.
Nxh7 Qxg5 35. Nxg5 Bb3 36. Ng2 Bxa4 37. Ne3 Bb3 38. Kf2 Na5 39. h4 Nac4 40.
Nxc4 Nxc4 41. Bxc4 1/2-1/2

[Event "32. Open Barbera del Valles 2009"]
[Site "Barbera del Valles ESP"]
[Date "2009.07.11"]
[Round "8.25"]
[White "Garcia Castro, Pablo"]
[Black "Bardera Gil, Sergi"]
[Result "1-0"]
[WhiteElo "2390"]
[BlackElo "2033"]
[PlyCount "55"]
[EventDate "2009.07.04"]
[EventType "swiss"]
[EventRounds "9"]
[EventCountry "ESP"]
[Source "lmi"]
[SourceDate "2009.07.04"]

1. e4 c5 2. Nf3 Nc6 3. Be2 Nf6 4. d3 g6 5. O-O d6 6. c3 Bg7 7. a3 O-O 8. b4 e5
9. Nbd2 Qe7 10. Re1 d5 11. exd5 Nxd5 12. Bb2 cxb4 13. axb4 Nf4 14. b5 Nd8 15.
Ba3 Qe6 16. Bxf8 Qg4 17. g3 Kxf8 18. Nxe5 Nh3+ 19. Kg2 Qf5 20. Bg4 Qxf2+ 21.
Kxh3 f5 22. Rf1 Qe3 23. Nec4 Qxd3 24. Bf3 Be6 25. Nb6 Rb8 26. Rxa7 Qxb5 27.
Ndc4 Nf7 28. Ra5 1-0

[Event "32. Open Barbera del Valles 2009"]
[Site "Barbera del Valles ESP"]
[Date "2009.07.11"]
[Round "8.26"]
[White "Nadal Garcia, Lluis"]
[Black "Sanchez Jerez, Emilio Miguel"]
[Result "0-1"]
[WhiteElo "2021"]
[BlackElo "2212"]
[PlyCount "82"]
[EventDate "2009.07.04"]
[EventType "swiss"]
[EventRounds "9"]
[EventCountry "ESP"]
[Source "lmi"]
[SourceDate "2009.07.04"]

1. d4 g6 2. c4 Bg7 3. e4 d6 4. Nc3 Nc6 5. Be3 Nh6 6. f3 f5 7. Qd2 Nf7 8. O-O-O
O-O 9. h4 f4 10. Bf2 e5 11. Nge2 a6 12. d5 Ne7 13. Kb1 c5 14. Ng1 Bd7 15. Nh3
Bh6 16. Bd3 Qc7 17. Ng5 Nxg5 18. hxg5 Bxg5 19. g4 Rf7 20. Bh4 Bxh4 21. Rxh4 g5
22. Rh6 Ng6 23. Rdh1 Be8 24. R1h5 Qe7 25. Qh2 Rg7 26. Rh3 Nh4 27. a3 Bg6 28.
Na2 Qf8 29. Nc1 Rc7 30. R3xh4 gxh4 31. Qxh4 b5 32. g5 Rb8 33. b3 Rg7 34. Ne2
Qd8 35. Qg4 Bf7 36. Rf6 Qxf6 37. gxf6 Rxg4 38. fxg4 Bg6 39. Kc2 bxc4 40. bxc4
Kf7 41. g5 h6 0-1

[Event "32. Open Barbera del Valles 2009"]
[Site "Barbera del Valles ESP"]
[Date "2009.07.11"]
[Round "8.27"]
[White "Castro Exposito, Cristobal"]
[Black "Avila Jimenez, Javier"]
[Result "0-1"]
[WhiteElo "2027"]
[BlackElo "2212"]
[PlyCount "116"]
[EventDate "2009.07.04"]
[EventType "swiss"]
[EventRounds "9"]
[EventCountry "ESP"]
[Source "lmi"]
[SourceDate "2009.07.04"]

1. d4 Nf6 2. Bf4 g6 3. Nf3 Bg7 4. e3 d6 5. Be2 O-O 6. h3 Nc6 7. O-O Nd7 8. c4
e5 9. Bg5 f6 10. Bh4 g5 11. Bg3 f5 12. d5 Ncb8 13. Nc3 h6 14. Nd2 f4 15. Bh2
Nf6 16. Nde4 Nxe4 17. Nxe4 Bf5 18. Bf3 Nd7 19. Rc1 Qe7 20. b4 a5 21. a3 axb4
22. axb4 Ra3 23. Ra1 Rfa8 24. Rxa3 Rxa3 25. Qc1 Ra4 26. Qc3 Qe8 27. c5 dxc5 28.
d6 Bxe4 29. Qb3+ Kf8 30. Qxa4 Bxf3 31. gxf3 cxd6 32. Rd1 Ke7 33. bxc5 Nxc5 34.
Qc2 Qa4 35. Qd2 Qc6 36. e4 Bf8 37. Qa2 Ne6 38. Rb1 Kd7 39. Qa8 Kc7 40. Qa2 Kd7
41. Qa8 Kc7 42. Qa2 Kd7 43. Qa8 Nd8 44. Qa2 Be7 45. Qg8 Ne6 46. Kg2 Nd4 47. Qb8
b5 48. Ra1 Bd8 49. Ra7+ Bc7 50. Qf8 Qb6 51. Ra8 Kc6 52. Qe8+ Kc5 53. Rc8 b4 54.
Qd7 Nb5 55. Re8 Qc6 56. Qf7 b3 57. Re7 Kb4 58. Qg8 Qc4 0-1

[Event "32. Open Barbera del Valles 2009"]
[Site "Barbera del Valles ESP"]
[Date "2009.07.11"]
[Round "8.28"]
[White "Ridameya Tatche, Jose Miguel"]
[Black "Brookes, Christopher"]
[Result "1/2-1/2"]
[WhiteElo "2123"]
[BlackElo "2046"]
[PlyCount "90"]
[EventDate "2009.07.04"]
[EventType "swiss"]
[EventRounds "9"]
[EventCountry "ESP"]
[Source "lmi"]
[SourceDate "2009.07.04"]

1. e4 c5 2. Nf3 d6 3. d4 cxd4 4. Nxd4 Nf6 5. Nc3 g6 6. f4 Nc6 7. Bc4 Qb6 8.
Nxc6 bxc6 9. Qe2 Bg7 10. e5 dxe5 11. fxe5 Ng4 12. e6 f5 13. h3 Ne5 14. Bb3 Ba6
15. Qf2 Qb7 16. Qc5 Rd8 17. Bd2 O-O 18. O-O-O Qb6 19. Be3 Nc4 20. Bxc4 Bxc4 21.
Qxb6 axb6 22. Bxb6 Rxd1+ 23. Nxd1 Bxe6 24. a4 Bd5 25. Rg1 f4 26. b3 Kf7 27. c4
Be4 28. Nf2 Bf5 29. h4 Rc8 30. Kd2 e5 31. Re1 Ke6 32. Nd3 Bxd3 33. Kxd3 Bf8 34.
c5 Be7 35. Kc4 Kf5 36. b4 e4 37. b5 cxb5+ 38. Kxb5 e3 39. c6 Bxh4 40. Re2 Ke4
41. Ra2 Kd3 42. Ra3+ Kd2 43. Ra2+ Kd1 44. Ra1+ Kd2 45. Ra2+ Kd3 1/2-1/2

[Event "32. Open Barbera del Valles 2009"]
[Site "Barbera del Valles ESP"]
[Date "2009.07.12"]
[Round "9.1"]
[White "Cuartas, Jaime Alexander"]
[Black "Balogh, Csaba"]
[Result "0-1"]
[WhiteElo "2521"]
[BlackElo "2595"]
[PlyCount "78"]
[EventDate "2009.07.04"]
[EventType "swiss"]
[EventRounds "9"]
[EventCountry "ESP"]
[Source "lmi"]
[SourceDate "2009.07.04"]

1. e4 c5 2. c3 d5 3. exd5 Qxd5 4. d4 Nc6 5. Nf3 Bg4 6. dxc5 Qxd1+ 7. Kxd1 e5 8.
Be3 f5 9. h3 Bh5 10. Ke1 f4 11. Bc1 O-O-O 12. Nbd2 Bxc5 13. Ng5 Be7 14. Nge4
Nf6 15. Be2 Bg6 16. Bf3 h5 17. Ng5 Rd7 18. Be4 Nxe4 19. Ngxe4 Bf5 20. b3 g5 21.
Bb2 Rhd8 22. f3 Rd3 23. Nf1 Bxe4 24. fxe4 Bc5 25. Rc1 Be3 26. Rc2 Rd1+ 27. Ke2
Ne7 28. c4 Nc6 29. Bc3 Rb1 30. Ng3 Rxh1 31. Nxh1 g4 32. hxg4 hxg4 33. b4 g3 34.
Rb2 Bd4 35. Bxd4 Rxd4 36. b5 Rxe4+ 37. Kf3 Re3+ 38. Kg4 Nd4 39. c5 Re1 0-1

[Event "32. Open Barbera del Valles 2009"]
[Site "Barbera del Valles ESP"]
[Date "2009.07.12"]
[Round "9.2"]
[White "Bregadze, Levan"]
[Black "Peralta, Fernando"]
[Result "0-1"]
[WhiteElo "2426"]
[BlackElo "2574"]
[PlyCount "82"]
[EventDate "2009.07.04"]
[EventType "swiss"]
[EventRounds "9"]
[EventCountry "ESP"]
[Source "lmi"]
[SourceDate "2009.07.04"]

1. d4 d5 2. c4 c6 3. e3 Bf5 4. Nf3 e6 5. Nc3 Nd7 6. Bd3 Bxd3 7. Qxd3 Ngf6 8.
O-O Bb4 9. Bd2 a5 10. Ne2 Bd6 11. Nc3 Bb4 12. Ne2 Be7 13. Nc3 O-O 14. e4 Nc5
15. dxc5 dxe4 16. Qxd8 Rfxd8 17. Be3 exf3 18. gxf3 Nd7 19. Na4 Ne5 20. Nb6 Rab8
21. Bf4 Nxf3+ 22. Kg2 e5 23. Kxf3 exf4 24. Rad1 f6 25. Kxf4 Kf7 26. Kf3 Rxd1
27. Rxd1 Bxc5 28. Nd7 Rd8 29. Ne5+ Ke8 30. Rxd8+ Kxd8 31. Nd3 Bd6 32. h3 Ke7
33. b3 f5 34. Kg2 Kf6 35. f3 Kg5 36. Kf1 Kh4 37. Kg2 g5 38. c5 Be7 39. a3 Bf6
40. Ne1 Bd4 41. b4 a4 0-1

[Event "32. Open Barbera del Valles 2009"]
[Site "Barbera del Valles ESP"]
[Date "2009.07.12"]
[Round "9.3"]
[White "Mestre Bellido, Hector"]
[Black "Moskalenko, Viktor"]
[Result "1-0"]
[WhiteElo "2292"]
[BlackElo "2558"]
[PlyCount "87"]
[EventDate "2009.07.04"]
[EventType "swiss"]
[EventRounds "9"]
[EventCountry "ESP"]
[Source "lmi"]
[SourceDate "2009.07.04"]

1. e4 e6 2. d4 d5 3. Nd2 Nf6 4. e5 Nfd7 5. Bd3 c5 6. c3 Nc6 7. Ne2 cxd4 8. cxd4
f6 9. exf6 Nxf6 10. Nf3 Bd6 11. Bf4 O-O 12. O-O Nh5 13. Bxd6 Qxd6 14. Qc2 Nf6
15. Ng3 Bd7 16. Rfe1 Qf4 17. Rad1 a6 18. Qd2 Qxd2 19. Rxd2 g6 20. Ne5 Nxe5 21.
Rxe5 Rac8 22. Re1 Ne8 23. Ne2 Nd6 24. Nc3 b5 25. g3 g5 26. Nd1 Kg7 27. Ne3 h5
28. Ng2 Rf6 29. h4 Nf7 30. Rc2 Rxc2 31. Bxc2 Kh6 32. Bd3 a5 33. Rc1 e5 34. dxe5
Rc6 35. Rxc6+ Bxc6 36. hxg5+ Nxg5 37. f4 Ne6 38. Nh4 Nc5 39. Nf5+ Kg6 40. Bc2
Kf7 41. Nd4 Be8 42. Kf2 b4 43. Ke3 a4 44. f5 1-0

[Event "32. Open Barbera del Valles 2009"]
[Site "Barbera del Valles ESP"]
[Date "2009.07.12"]
[Round "9.4"]
[White "Lopez Martinez, Josep Manuel"]
[Black "Vassallo Barroche, Mauricio"]
[Result "1-0"]
[WhiteElo "2555"]
[BlackElo "2409"]
[PlyCount "79"]
[EventDate "2009.07.04"]
[EventType "swiss"]
[EventRounds "9"]
[EventCountry "ESP"]
[Source "lmi"]
[SourceDate "2009.07.04"]

1. e4 d6 2. d4 g6 3. c4 Bg7 4. Nc3 e5 5. Nge2 Nc6 6. Be3 Nf6 7. f3 O-O 8. d5
Ne7 9. Qd2 Ne8 10. g4 f5 11. exf5 gxf5 12. g5 c5 13. f4 e4 14. Rb1 Ng6 15. h4
b6 16. b4 Rf7 17. Ng3 Bd4 18. Be2 Bxe3 19. Qxe3 Bd7 20. Bh5 cxb4 21. Rxb4 Qc7
22. Bxg6 hxg6 23. h5 Qc5 24. Qxc5 dxc5 25. Rb2 gxh5 26. Rxh5 Rh7 27. Rxh7 Kxh7
28. Rh2+ Kg8 29. Rh6 Ng7 30. Rd6 Be8 31. Nd1 Ba4 32. Ne3 Rf8 33. Kf2 Be8 34.
Kg2 b5 35. Kf2 bxc4 36. Nxc4 Nh5 37. Nxh5 Bxh5 38. Rc6 Bf7 39. Rxc5 Rd8 40. Ne3
1-0

[Event "32. Open Barbera del Valles 2009"]
[Site "Barbera del Valles ESP"]
[Date "2009.07.12"]
[Round "9.5"]
[White "Perez Mitjans, Orelvis"]
[Black "Sundararajan, Kidambi"]
[Result "0-1"]
[WhiteElo "2404"]
[BlackElo "2506"]
[PlyCount "66"]
[EventDate "2009.07.04"]
[EventType "swiss"]
[EventRounds "9"]
[EventCountry "ESP"]
[Source "lmi"]
[SourceDate "2009.07.04"]

1. e4 c6 2. c4 d5 3. exd5 cxd5 4. cxd5 Nf6 5. Qa4+ Nbd7 6. Nc3 g6 7. Bc4 Bg7 8.
d3 O-O 9. Nf3 a6 10. Qa3 b6 11. O-O Bb7 12. Re1 Re8 13. Ng5 b5 14. Bb3 Nb6 15.
d6 e6 16. Nge4 Nxe4 17. dxe4 Be5 18. Rd1 Qh4 19. g3 Qh3 20. Qc5 Nd7 21. Qc7 Nf6
22. f3 Bxg3 23. Rd2 Be5 24. Qxb7 Qxf3 25. Qb6 Ng4 26. Rf2 Qh3 27. Rg2 Reb8 28.
Qc5 Rc8 29. Qb6 Bxh2+ 30. Kf1 Bxd6 31. e5 Nh2+ 32. Ke1 Nf3+ 33. Kd1 Bc5 0-1

[Event "32. Open Barbera del Valles 2009"]
[Site "Barbera del Valles ESP"]
[Date "2009.07.12"]
[Round "9.6"]
[White "Matnadze, Ana"]
[Black "Cruz, Cristhian"]
[Result "0-1"]
[WhiteElo "2413"]
[BlackElo "2525"]
[PlyCount "62"]
[EventDate "2009.07.04"]
[EventType "swiss"]
[EventRounds "9"]
[EventCountry "ESP"]
[Source "lmi"]
[SourceDate "2009.07.04"]

1. d4 e6 2. Nf3 c5 3. g3 cxd4 4. Nxd4 d5 5. Bg2 Nf6 6. O-O e5 7. Nb3 Be6 8. Bg5
Nbd7 9. Nc3 Be7 10. e4 dxe4 11. Bxf6 Nxf6 12. Nxe4 Qc7 13. Nxf6+ Bxf6 14. Qf3
Rb8 15. Qe3 b6 16. c3 O-O 17. Rfd1 Rfd8 18. Be4 a5 19. Qf3 Bg5 20. h4 Bh6 21.
Kh2 a4 22. Nc1 Rxd1 23. Qxd1 a3 24. bxa3 Qxc3 25. Nb3 g6 26. Qd6 Rf8 27. Rd1
Qb2 28. Qxb6 Qe2 29. Nc5 Qxd1 30. Nxe6 fxe6 31. Qxe6+ Kh8 0-1

[Event "32. Open Barbera del Valles 2009"]
[Site "Barbera del Valles ESP"]
[Date "2009.07.12"]
[Round "9.7"]
[White "Gonzalez Garcia, Jose"]
[Black "Camarena Gimenez, Rufino"]
[Result "1/2-1/2"]
[WhiteElo "2509"]
[BlackElo "2402"]
[PlyCount "79"]
[EventDate "2009.07.04"]
[EventType "swiss"]
[EventRounds "9"]
[EventCountry "ESP"]
[Source "lmi"]
[SourceDate "2009.07.04"]

1. Nf3 Nf6 2. c4 c5 3. Nc3 Nc6 4. g3 d6 5. Bg2 g6 6. O-O Bg7 7. d4 cxd4 8. Nxd4
Bd7 9. Nc2 O-O 10. Bf4 Qa5 11. Qd2 Qh5 12. b3 Bh3 13. f3 Bxg2 14. Kxg2 a6 15.
a4 Rad8 16. e4 e6 17. Rad1 Qa5 18. Ne2 Qxd2 19. Rxd2 d5 20. exd5 exd5 21. c5
Rfe8 22. Ned4 Nd7 23. Bd6 Rc8 24. Nxc6 bxc6 25. Nd4 Re3 26. b4 Ne5 27. Bxe5
Bxe5 28. Rc1 Bxd4 29. Rxd4 Re2+ 30. Kh3 Rb2 31. Re1 Rb8 32. Re7 R8xb4 33. Rxb4
Rxb4 34. Rc7 Rxa4 35. Rxc6 Rc4 36. Rxa6 Rxc5 37. g4 Rc3 38. Kg3 Rd3 39. Ra8+
Kg7 40. g5 1/2-1/2

[Event "32. Open Barbera del Valles 2009"]
[Site "Barbera del Valles ESP"]
[Date "2009.07.12"]
[Round "9.8"]
[White "Bacallao Alonso, Yusnel"]
[Black "Dominguez Pons, Eric"]
[Result "1/2-1/2"]
[WhiteElo "2467"]
[BlackElo "2211"]
[PlyCount "84"]
[EventDate "2009.07.04"]
[EventType "swiss"]
[EventRounds "9"]
[EventCountry "ESP"]
[Source "lmi"]
[SourceDate "2009.07.04"]

1. Nf3 d5 2. b3 Nf6 3. Bb2 Bf5 4. e3 e6 5. c4 c6 6. Be2 h6 7. O-O Be7 8. Nc3
O-O 9. d4 Nbd7 10. Bd3 Bxd3 11. Qxd3 a6 12. e4 dxe4 13. Nxe4 Nxe4 14. Qxe4 Bf6
15. Rad1 Qc7 16. Rfe1 Rad8 17. Bc1 e5 18. Qg4 Kh8 19. d5 cxd5 20. cxd5 Nb6 21.
Ba3 Rfe8 22. d6 Qd7 23. Qb4 Nc8 24. Nd2 Qxd6 25. Qxd6 Nxd6 26. Bxd6 Rxd6 27.
Ne4 Rxd1 28. Rxd1 Rc8 29. g4 Rc7 30. Rd6 Be7 31. Rd5 f6 32. h4 g6 33. h5 gxh5
34. gxh5 Kg7 35. Nd6 Bxd6 36. Rxd6 Kf7 37. Rb6 e4 38. Kg2 a5 39. a4 Rc5 40.
Rxb7+ Ke6 41. Rb6+ Ke7 42. Rb7+ Ke6 1/2-1/2

[Event "32. Open Barbera del Valles 2009"]
[Site "Barbera del Valles ESP"]
[Date "2009.07.12"]
[Round "9.10"]
[White "Kulkarni, Chinmay"]
[Black "Fluvia Poyatos, Jordi"]
[Result "0-1"]
[WhiteElo "2259"]
[BlackElo "2449"]
[PlyCount "56"]
[EventDate "2009.07.04"]
[EventType "swiss"]
[EventRounds "9"]
[EventCountry "ESP"]
[Source "lmi"]
[SourceDate "2009.07.04"]

1. Nf3 Nf6 2. c4 c5 3. g3 Nc6 4. Bg2 d5 5. d4 dxc4 6. Qa4 cxd4 7. Nxd4 Qxd4 8.
Bxc6+ Bd7 9. Bxd7+ Qxd7 10. Qxd7+ Kxd7 11. O-O e5 12. Nd2 Rc8 13. Nf3 Bd6 14.
Rd1 Ke7 15. Bg5 Rc6 16. Rac1 h6 17. Bxf6+ Kxf6 18. Nd2 b5 19. a4 a6 20. axb5
axb5 21. Ra1 Ke6 22. Ne4 Rb8 23. Kf1 f5 24. Nc3 b4 25. Nd5 c3 26. bxc3 bxc3 27.
Ne3 c2 28. Rdc1 Rb2 0-1

[Event "32. Open Barbera del Valles 2009"]
[Site "Barbera del Valles ESP"]
[Date "2009.07.12"]
[Round "9.12"]
[White "Almeida Quintana, Omar"]
[Black "Javakhadze, Zurab"]
[Result "1-0"]
[WhiteElo "2524"]
[BlackElo "2309"]
[PlyCount "71"]
[EventDate "2009.07.04"]
[EventType "swiss"]
[EventRounds "9"]
[EventCountry "ESP"]
[Source "lmi"]
[SourceDate "2009.07.04"]

1. d4 d5 2. c4 e6 3. Nf3 Nf6 4. Nc3 Be7 5. Bg5 O-O 6. e3 h6 7. Bxf6 Bxf6 8. Qb3
c6 9. O-O-O a5 10. Qc2 Na6 11. h4 Nb4 12. Qd2 dxc4 13. Bxc4 g6 14. Kb1 b5 15.
Bd3 Bg7 16. Ne5 c5 17. Bxb5 Qc7 18. f4 cxd4 19. exd4 Bb7 20. Rhe1 Rfd8 21. Qe2
Rab8 22. h5 gxh5 23. g3 a4 24. a3 Nd5 25. Nxa4 Qa5 26. Nc5 Bxe5 27. Nb3 Qa7 28.
dxe5 Ba6 29. Rxd5 exd5 30. Bxa6 Rxb3 31. e6 fxe6 32. Bc8 Kf8 33. Qxe6 Qg7 34.
Re5 Qh7+ 35. Rf5+ Kg7 36. Qf6+ 1-0

[Event "32. Open Barbera del Valles 2009"]
[Site "Barbera del Valles ESP"]
[Date "2009.07.12"]
[Round "9.13"]
[White "Garcia Roman, Daniel"]
[Black "Canal Oliveras, Joan"]
[Result "1/2-1/2"]
[WhiteElo "2464"]
[BlackElo "2248"]
[PlyCount "84"]
[EventDate "2009.07.04"]
[EventType "swiss"]
[EventRounds "9"]
[EventCountry "ESP"]
[Source "lmi"]
[SourceDate "2009.07.04"]

1. d4 f5 2. g3 Nf6 3. Bg2 e6 4. Nf3 d5 5. O-O Bd6 6. c4 c6 7. b3 Qe7 8. Bb2 O-O
9. Ne5 Bd7 10. Nd2 Be8 11. e3 Bh5 12. Qc2 Ne4 13. f3 Nxd2 14. Qxd2 Nd7 15. Rac1
Nxe5 16. dxe5 Bb4 17. Qc2 dxc4 18. bxc4 Rfd8 19. Bd4 c5 20. Bc3 Bxc3 21. Qxc3
Rd7 22. Rfd1 Rad8 23. Qc2 Be8 24. Bf1 Rxd1 25. Rxd1 Bc6 26. Kf2 Rxd1 27. Qxd1
Qc7 28. f4 a6 29. Be2 b5 30. g4 g6 31. cxb5 axb5 32. gxf5 gxf5 33. Bf3 c4 34.
Bxc6 Qxc6 35. Qd8+ Kf7 36. Ke2 c3 37. Kd1 Qf3+ 38. Kc2 Qe4+ 39. Kxc3 Qxe3+ 40.
Kc2 Qe4+ 41. Kb2 Qb4+ 42. Kc2 Qc4+ 1/2-1/2

[Event "32. Open Barbera del Valles 2009"]
[Site "Barbera del Valles ESP"]
[Date "2009.07.12"]
[Round "9.16"]
[White "Meera, Sai"]
[Black "Schneider, Veronika"]
[Result "1-0"]
[WhiteElo "2148"]
[BlackElo "2301"]
[PlyCount "83"]
[EventDate "2009.07.04"]
[EventType "swiss"]
[EventRounds "9"]
[EventCountry "ESP"]
[Source "lmi"]
[SourceDate "2009.07.04"]

1. e4 c5 2. Nc3 a6 3. a4 e6 4. g3 Nc6 5. Bg2 g6 6. d3 Bg7 7. f4 d6 8. Nf3 Nge7
9. O-O O-O 10. Be3 Nd4 11. e5 Nef5 12. Bf2 Qb6 13. Ne4 d5 14. Nxc5 Qxb2 15.
Nxd4 Nxd4 16. a5 Nc6 17. Na4 Qb4 18. c3 Qe7 19. Bc5 Qd8 20. Nb6 Rb8 21. Bd6
Nxa5 22. Qb1 Nc6 23. c4 Re8 24. cxd5 exd5 25. Nxd5 Re6 26. Bc7 Qf8 27. Bxb8
Nxb8 28. Qb4 Qxb4 29. Nxb4 Bf8 30. Rfc1 Bd7 31. Nd5 Kg7 32. Nf6 Rb6 33. Rc7 Bf5
34. Bd5 Be6 35. Bxe6 Rxe6 36. d4 Re7 37. Rac1 Nc6 38. Rxe7 Bxe7 39. d5 Nb4 40.
d6 Bxf6 41. exf6+ Kxf6 42. Re1 1-0

[Event "32. Open Barbera del Valles 2009"]
[Site "Barbera del Valles ESP"]
[Date "2009.07.12"]
[Round "9.17"]
[White "Massoni, Michael"]
[Black "Martin Grillo, Ruben"]
[Result "1/2-1/2"]
[WhiteElo "2291"]
[BlackElo "2218"]
[PlyCount "68"]
[EventDate "2009.07.04"]
[EventType "swiss"]
[EventRounds "9"]
[EventCountry "ESP"]
[Source "lmi"]
[SourceDate "2009.07.04"]

1. e4 c5 2. Nf3 d6 3. c3 Nf6 4. Be2 Bg4 5. O-O e6 6. Re1 Be7 7. h3 Bh5 8. Qb3
Qb6 9. e5 dxe5 10. Bb5+ Nbd7 11. Nxe5 a6 12. Nxd7 Qxb5 13. Nb6 Rd8 14. Qxb5+
axb5 15. Na3 b4 16. Nac4 O-O 17. a3 Nd7 18. axb4 cxb4 19. Ra5 Bg6 20. Ra7 Nc5
21. d4 Nd3 22. Rd1 bxc3 23. bxc3 Nxc1 24. Rxc1 Be4 25. f3 Bc6 26. Na5 Bg5 27.
Rb1 Rb8 28. Nxc6 bxc6 29. Rc7 e5 30. Kf2 exd4 31. cxd4 Rfe8 32. Rxc6 Be3+ 33.
Kg3 Bxd4 34. Rb4 Bxb6 1/2-1/2